000 00451nam a2200169Ia 4500
005 20250508161811.0
008 008 250505s9999 xx 000 0 eng d
037 _aTextual
040 _aFEDL
_beng
_cFEDL
041 _aeng
_2eng
084 _a820.8, DRA
_qFEDL
100 _aDrake H B
_9771582
245 0 _aApproach to english literature. Book 5th
300 _avi,215p.
942 _cTEXL
_h820.8, DRA
999 _c1372278
_d1372278